Quiz de Culture Générale - 1 - Statistiques

Statistiques générales
  • Ce quiz a été pris 341 fois
  • Le résultat moyen est 14 sur 20
Statistiques - réponses
Hint Réponse % Correct
Combien y a-t-il de continents sur Terre ? 7
94%
Quelle est la capitale de l'Australie ? Canberra
93%
Dans quelle ville se trouve la Sagrada Familia ? Barcelone
90%
Quel est le pays le plus peuplé du monde ? Chine
90%
Dans quel pays se trouve le Machu Picchu ? Pérou
90%
Quel est le plus grand pays du monde en superficie ? Russie
90%
Quel est l’élément chimique dont le symbole est O ? Oxygène
87%
Quelle est la couleur du rubis ? Rouge
87%
Quel est le sport le plus pratiqué dans le monde ? Football
86%
Quel est le plus haut sommet du monde ? Everest
82%
Qui a écrit "L’Odyssée" ? Homère
78%
Quelle est la formule chimique de l’eau ? H2O
74%
Quelle est la monnaie officielle du Royaume-Uni ? Livre sterling
74%
Quel est le plus long fleuve du monde ? Amazone
64%
Dans quel océan se trouve Madagascar ? Océan Indien
62%
Qui a été le premier homme à marcher sur la Lune ? Neil Armstrong
61%
Qui est l’auteur de "1984" et "La Ferme des animaux" ? George Orwell
46%
Quel artiste a peint "La Nuit étoilée" ? Vincent van Gogh
44%
Quel est le symbole chimique du fer ? Fer
21%
Qui a découvert la pénicilline ? Alexander Fleming
14%
Aucun quiz correspondant
Distribution des résultats
% des personnes avec chaque résultat
Percentile par nombre de réponses
Votre historique - résultats
Vous n’avez pas pris ce quiz